| Registos Bibliográficos associados ao registo de autoridade |
|
Etiqueta de registo: 00000nam 2200025 450 001 1919403 003 http://id.bnportugal.gov.pt/bib/catbnp/1919403 100 ## $a20160111d2014 k y0pory01030103ba 101 0# $apor$deng 102 ## $aPT 105 ## $aa m 000yy 106 ## $ar 200 1# $aVitral$econtemporaneidade e sedução do poder$fFernando Manuel Baeta Quintas$gorient. Jorge Vidal Correia da Silva, Antóno de Campos Pires de Matos 210 #9 $aLisboa$c[s.n],$d2014 215 ## $a[3] f., XXXVI, 407 p.$cil.$d30 cm$ecurriculum vitae (24 p.) 320 ## $aBibliografia, p. 361-387 328 #1 $aTese dout. Belas-Artes (Pintura), Faculdade de Belas-Artes, Universidade de Lisboa,
2014 675 ## $a748(469)(043)$vBN$zpor$31632535 700 #1 $aQuintas,$bFernando Manuel Baeta$f1966-$31631730 702 #1 $aSilva,$bJorge Vidal Correia$4727$31211065 702 #1 $aMatos,$bAntóno de Campos Pires de$4727$31631731 801 #0 $aPT$bBN$gRPC 966 ## $lBN$mFGMON$sB.A. 39766 V.$x1
Etiqueta de registo: 00254nam 2200025 450 001 2288612 003 http://id.bnportugal.gov.pt/bib/catbnp/2288612 100 ## $a20260623d2025 k y0pory01030103ba 101 0# $apor$deng 102 ## $aPT 105 ## $aa m 001yy 106 ## $ar 200 1# $a Um monumento-nu aos Kaiowá e Guarani$e « fuuu... (sopro) Tah! Marãny$ecemitério indígena» e o movimento ao autoexílio na arte de Portugal$fLetícia Larin Platzeck Senra$gorient. Carlos Vidal Tenes Oliveira Caseiro, Sérgio Vicente Pereira da Silva, Fernando
Manuel Baeta Quintas 210 #9 $aLisboa$c[s.n.],$d2025 215 ## $aXX, 275 p.$cil$d30 cm 328 #1 $aTese dout. Belas-Artes (Escultura), Faculdade de Belas-Artes da Universidade de Lisboa,
2025 700 #1 $aSenra,$bLetícia Larin Platzeck$32001411 702 #1 $aCaseiro,$bCarlos Vidal Tenes Oliveira,$f1964-$4727$31108554 702 #1 $aSilva,$bSérgio Vicente Pereira da$4727$31665725 702 #1 $aQuintas,$bFernando Manuel Baeta$f1966-$4727$31631730 801 #0 $aPT$bBN$gRPC 966 ## $lBN$mFGMON$x1 971 ## $cisantos$d20260623
|
|
|